Normal view
MARC view
- Cresson, Remi
Entry Personal Name
001 - CONTROL NUMBER
- control field: 111773
003 - CONTROL NUMBER IDENTIFIER
- control field: NUST
005 - DATE AND TIME OF LATEST TRANSACTION
- control field: 20230410122826.0
008 - FIXED-LENGTH DATA ELEMENTS
- fixed length control field: 230410|| aca||aabn | a|a d
040 ## - CATALOGING SOURCE
- Original cataloging agency: NUST
- Transcribing agency: NUST
100 ## - HEADING--PERSONAL NAME
- Personal name: Cresson, Remi
670 ## - SOURCE DATA FOUND
- Source citation: Work cat.: (NUST): Cresson, Remi., Deep Learning For Remote Sensing Images With Open Source Software /, 2020.
